| 000 | 00367nam a2200145Ia 4500 | ||
|---|---|---|---|
| 008 | 210210b1984 xxu||||| |||| 00| 0 eng d | ||
| 082 | _a633.85 RAMA | ||
| 100 | _aRAMANAMURTHY (G V). | ||
| 245 | _aAdvances in oilseeds production technology. | ||
| 260 |
_aDelhi. _bICAR, _c1984 |
||
| 300 | _avi,81 | ||
| 650 | _aOilseeds | ||
| 690 | _aAgriculture | ||
| 906 | _a040294 | ||
| 999 |
_c90370 _d90370 |
||